00523 2200205 4500001002100000008004100021035002000062245007600082100002200158250000600180260003500186300001200221084001400233082000800247650001400255990001200269990001200281990001200293990001200305INLIS000000000000514 ind  a0010-0424000490 aEnsiklopedia Bahasa dan Sastra Indonesia; Tata BahasacIrsyadi Shaliman aShaliman, Irsyadi a1 aKlaten :bIntan Pariwarac2014 a116 hlm a410 IRS e a410 aNon Fiksi a0722084 a0722085 a0722086 a0722087